Finances locales
Gorde:
| Egile nagusia: | |
|---|---|
| Formatua: | Liburua |
| Hizkuntza: | Undetermined |
| Argitaratua: |
Paris, Fre.
Dalloz
2002
|
| Gaiak: | |
| Etiketak: |
Etiketa erantsi
Etiketarik gabe, Izan zaitez lehena erregistro honi etiketa jartzen!
|
| Thư viện lưu trữ: | Trung tâm Học liệu Trường Đại học Cần Thơ |
|---|
| LEADER | 00504nam a2200193Ia 4500 | ||
|---|---|---|---|
| 001 | CTU_61604 | ||
| 008 | 210402s9999 xx 000 0 und d | ||
| 082 | |a 352.4 | ||
| 082 | |b M994 | ||
| 100 | |a Muzellec, Raymond | ||
| 245 | 0 | |a Finances locales | |
| 245 | 0 | |c Raymond Muzellec | |
| 260 | |a Paris, Fre. | ||
| 260 | |b Dalloz | ||
| 260 | |c 2002 | ||
| 650 | |a Administrative law,Finance, public | ||
| 650 | |x Management | ||
| 904 | |i Minh,Hải | ||
| 980 | |a Trung tâm Học liệu Trường Đại học Cần Thơ | ||